<?xml version="1.0" encoding="UTF-8"?>
<record
    xmlns:xsi="http://www.w3.org/2001/XMLSchema-instance"
    xsi:schemaLocation="http://www.loc.gov/MARC21/slim http://www.loc.gov/standards/marcxml/schema/MARC21slim.xsd"
    xmlns="http://www.loc.gov/MARC21/slim">

  <leader>00944nam a2200205 a 4500</leader>
  <controlfield tag="001">BRCA_1389</controlfield>
  <controlfield tag="005">20190320203414.0</controlfield>
  <controlfield tag="008">770420s1947    mx-a---###---#000-0bspa-#</controlfield>
  <datafield tag="050" ind1=" " ind2="4">
    <subfield code="a">F1211.V5</subfield>
    <subfield code="b">.G88 1947</subfield>
  </datafield>
  <datafield tag="100" ind1="1" ind2=" ">
    <subfield code="a">Guti&#xE9;rrez de Medina, Crist&#xF3;bal</subfield>
    <subfield code="d">1598-</subfield>
    <subfield code="9">4541</subfield>
  </datafield>
  <datafield tag="245" ind1="1" ind2="0">
    <subfield code="a">Viaje del Virrey Marqu&#xE9;s de Villena</subfield>
    <subfield code="c">Crist&#xF3;bal Guti&#xE9;rrez de Medina ; introducci&#xF3;n y notas de Manuel Romero de Terreros.</subfield>
  </datafield>
  <datafield tag="260" ind1=" " ind2=" ">
    <subfield code="a">M&#xE9;xico</subfield>
    <subfield code="b">Imprenta Universitaria</subfield>
    <subfield code="c">1947</subfield>
  </datafield>
  <datafield tag="300" ind1=" " ind2=" ">
    <subfield code="a">xi, 87 p.</subfield>
    <subfield code="b">il.</subfield>
    <subfield code="c">24 cm.</subfield>
  </datafield>
  <datafield tag="440" ind1=" " ind2="0">
    <subfield code="a">Instituto de Historia</subfield>
    <subfield code="v">3</subfield>
    <subfield code="9">4542</subfield>
  </datafield>
  <datafield tag="500" ind1=" " ind2=" ">
    <subfield code="a">Facs&#xED;mil de : Viaje de tierra y mar, feliz por mar, y tierra, que hizo el excellentisimo se&#xF1;or Marques de Villena. M&#xE9;xico : Imprenta Ivan Ruyz, 1640</subfield>
  </datafield>
  <datafield tag="600" ind1="1" ind2="4">
    <subfield code="a">Escalona, Diego L&#xF3;pez Pacheco</subfield>
    <subfield code="c">Marqu&#xE9;s de Villena y Duque de</subfield>
    <subfield code="d">1599-1653</subfield>
    <subfield code="9">4543</subfield>
  </datafield>
  <datafield tag="650" ind1="1" ind2="4">
    <subfield code="a">Viajes</subfield>
    <subfield code="9">4544</subfield>
  </datafield>
  <datafield tag="700" ind1="1" ind2=" ">
    <subfield code="a">Romero de Terreros y Vincent, Manuel</subfield>
    <subfield code="c">Marqu&#xE9;s de San Francisco</subfield>
    <subfield code="d">1880-</subfield>
    <subfield code="9">4545</subfield>
  </datafield>
  <datafield tag="942" ind1=" " ind2=" ">
    <subfield code="2">lcc</subfield>
    <subfield code="c">B</subfield>
  </datafield>
  <datafield tag="999" ind1=" " ind2=" ">
    <subfield code="c">1251</subfield>
    <subfield code="d">1251</subfield>
  </datafield>
  <datafield tag="952" ind1=" " ind2=" ">
    <subfield code="0">0</subfield>
    <subfield code="1">0</subfield>
    <subfield code="4">0</subfield>
    <subfield code="7">0</subfield>
    <subfield code="a">BRCA</subfield>
    <subfield code="b">BRCA</subfield>
    <subfield code="d">2008-06-26</subfield>
    <subfield code="l">0</subfield>
    <subfield code="o">F1211.V5 .G88 1947</subfield>
    <subfield code="p">01910</subfield>
    <subfield code="r">2019-03-22 00:00:00</subfield>
    <subfield code="w">2019-03-22</subfield>
    <subfield code="y">B</subfield>
  </datafield>
</record>
